<?xml version="1.0" encoding="UTF-8"?>
<record
    xmlns:xsi="http://www.w3.org/2001/XMLSchema-instance"
    xsi:schemaLocation="http://www.loc.gov/MARC21/slim http://www.loc.gov/standards/marcxml/schema/MARC21slim.xsd"
    xmlns="http://www.loc.gov/MARC21/slim">

  <leader>00924nam0a2200241   4500</leader>
  <controlfield tag="001">RU\NLR\BIBL_A\011185236</controlfield>
  <controlfield tag="005">20250625213919.0</controlfield>
  <datafield tag="035" ind1=" " ind2=" ">
    <subfield code="a">(NLR Aleph) 011185236</subfield>
  </datafield>
  <datafield tag="090" ind1=" " ind2=" ">
    <subfield code="a">11837640</subfield>
    <subfield code="c">11837640</subfield>
  </datafield>
  <datafield tag="100" ind1=" " ind2=" ">
    <subfield code="a">20160727d1932    |||y0rusy50      ca</subfield>
  </datafield>
  <datafield tag="101" ind1="0" ind2=" ">
    <subfield code="a">sah</subfield>
  </datafield>
  <datafield tag="102" ind1=" " ind2=" ">
    <subfield code="a">RU</subfield>
  </datafield>
  <datafield tag="105" ind1=" " ind2=" ">
    <subfield code="a">y   z   000 y</subfield>
  </datafield>
  <datafield tag="200" ind1="1" ind2=" ">
    <subfield code="a">&#x4AE;&#x431;&#x4AF; &#x445;&#x43E;&#x43C;&#x443;&#x439;&#x430;&#x440; &#x443;&#x43E;&#x43F;&#x441;&#x430;&#x441;&#x442;&#x44B;&#x431;&#x430;&#x43D;&#x43D;&#x430;&#x439; &#x443;&#x441;&#x442;&#x443;&#x440;&#x443;&#x443;&#x43A;&#x442;&#x430;&#x440;&#x433;&#x430; &#x441;&#x430;&#x43B;&#x430;&#x43B;&#x442;&#x430;</subfield>
    <subfield code="g">&#x421;. &#x410;. &#x421;. &#x421;. &#x4E8;. &#x4AE;&#x431;&#x4AF; &#x434;&#x44C;&#x430;h&#x430;&#x439;&#x430;&#x440; &#x41D;&#x43E;&#x440;. &#x425;&#x430;&#x43C;&#x44B;&#x441;&#x441;&#x430;&#x440;&#x44B;&#x439;&#x430;&#x430;&#x442;&#x430;</subfield>
  </datafield>
  <datafield tag="210" ind1=" " ind2=" ">
    <subfield code="a">&#x414;&#x44C;&#x43E;&#x43A;&#x443;&#x443;&#x441;&#x43A;&#x430;&#x439;</subfield>
    <subfield code="c">&#x421;&#x430;&#x445;&#x430; &#x43A;&#x438;&#x43D;&#x438;&#x433;&#x44D;&#x442;&#x438;&#x43D; &#x431;&#x44D;&#x447;&#x44D;&#x44D;&#x442;&#x44D;</subfield>
    <subfield code="d">1932</subfield>
  </datafield>
  <datafield tag="215" ind1=" " ind2=" ">
    <subfield code="a">15 &#x441;.</subfield>
    <subfield code="d">17</subfield>
  </datafield>
  <datafield tag="300" ind1=" " ind2=" ">
    <subfield code="a">&#x41B;&#x430;&#x442;&#x438;&#x43D;. &#x433;&#x440;&#x430;&#x444;&#x438;&#x43A;&#x430;</subfield>
  </datafield>
  <datafield tag="541" ind1="1" ind2=" ">
    <subfield code="a">&#x420;&#x443;&#x43A;&#x43E;&#x432;&#x43E;&#x434;&#x441;&#x442;&#x432;&#x43E; &#x43E;&#x431;&#x449;&#x435;&#x441;&#x442;&#x432;&#x435;&#x43D;&#x43D;&#x43E;&#x43C;&#x443; &#x438;&#x43D;&#x441;&#x442;&#x440;&#x443;&#x43A;&#x442;&#x43E;&#x440;&#x443; &#x43F;&#x43E; &#x43C;&#x43E;&#x431;&#x438;&#x43B;&#x438;&#x437;&#x430;&#x446;&#x438;&#x438; &#x441;&#x440;&#x435;&#x434;&#x441;&#x442;&#x432;</subfield>
    <subfield code="z">rus</subfield>
  </datafield>
  <datafield tag="686" ind1="1" ind2=" ">
    <subfield code="a">&#x423;9(2)26</subfield>
  </datafield>
  <datafield tag="852" ind1=" " ind2=" ">
    <subfield code="a">NLR</subfield>
    <subfield code="b">&#x41E;&#x41D;&#x41B;</subfield>
    <subfield code="j">&#x42F;&#x43A;&#x443;&#x442;./2-202</subfield>
  </datafield>
  <datafield tag="942" ind1=" " ind2=" ">
    <subfield code="c">BOOK</subfield>
  </datafield>
  <datafield tag="980" ind1=" " ind2=" ">
    <subfield code="a">NB</subfield>
  </datafield>
  <datafield tag="995" ind1=" " ind2=" ">
    <subfield code="5">2016-07-27</subfield>
    <subfield code="a">ad</subfield>
    <subfield code="b">NLR01</subfield>
    <subfield code="c">NLR01</subfield>
    <subfield code="e">ONL</subfield>
    <subfield code="f">1-1433376</subfield>
    <subfield code="k">&#x41E;&#x41D;&#x41B; &#x42F;&#x43A;&#x443;&#x442;./2-202</subfield>
    <subfield code="o">0</subfield>
    <subfield code="p">0.00</subfield>
    <subfield code="r">BOOK</subfield>
    <subfield code="s">_2202</subfield>
  </datafield>
</record>
